| 000 | 00550nam a22002057a 4500 | ||
|---|---|---|---|
| 003 | OSt | ||
| 005 | 20170119135705.0 | ||
| 008 | 170119b xxu||||| |||| 00| 0 eng d | ||
| 020 | _a9780723434504 | ||
| 040 | _cDMLN | ||
| 082 | _aWU400 C639h 2009 | ||
| 100 |
_aCobourne, Martyn T.; Dibiase, Andrew T. _911417 |
||
| 245 | _aHandbook of Orthodontics | ||
| 260 | _aEdinburgh; Mosby, 2009 | ||
| 300 | _a427p; col.ill: 23cm | ||
| 504 | _aReferences, & index included | ||
| 650 |
_aDental _93287 |
||
| 650 |
_aOrthodontics _95257 |
||
| 942 |
_2z _cO_SHELF |
||
| 999 |
_c5466 _d5466 |
||